The aesthetics of environment

Αποθηκεύτηκε σε:
Λεπτομέρειες βιβλιογραφικής εγγραφής
Κύριος συγγραφέας: Berleant, Arnold, 1932-
Μορφή: Βιβλίο
Γλώσσα:English
Δημοσίευση: Philadelphia : Temple University Press, c1992.
Θέματα:
Ετικέτες: Προσθήκη ετικέτας
Δεν υπάρχουν, Καταχωρήστε ετικέτα πρώτοι!

MARC

LEADER 00000cam a2200000 i 4500
001 1/16709
008 980818s1992 pau| ||| |||| ||eng||
020 |a 1566393345 
035 |l 10020296 
040 |a GR-MyUa   |b gre   |e AACR2  
041 0 |a eng 
082 7 |a 304.23   |2 (22)  
100 1 |a Berleant, Arnold,   |d 1932- 
245 1 4 |a The aesthetics of environment /   |c Arnold Berleant.  
260 |a Philadelphia :   |b Temple University Press,   |c c1992.  
300 |a xv., 218 σ. ;   |c 24 εκ.  
504 |a Περιέχει βιβλιγραφικές αναφορές (σ. 191-208) και ευρετήριο.  
650 0 |a Landscape assessment. 
650 0 |a Environment (Aesthetics) 
650 0 |a Nature (Aesthetics) 
767 0 8 |i Μεταφρασμένο ως:   |t Η αισθητική του περιβάλλοντος /  
852 |a INST  |b LESVOS  |e 19980818  |h 304.23 BER  |p 005100013461  |q 005100013461  |t BK  |y 0 
901 |a BIBL-1998-2 
922 |a 1ΕΛΗ  |b 199807  |c ΚΠΣ/ΤΠ  |d ΠΑΠΑΣΩΤΗΡΙΟΥ 
950 |a 107-1998-05-21